| 000 | 00436nam a22001817a 4500 | ||
|---|---|---|---|
| 003 | MPLRDC | ||
| 005 | 20220104114421.0 | ||
| 008 | 210129b ||||| |||| 00| 0 eng d | ||
| 020 | _a7-5321-0329-3 | ||
| 082 | _a782.891 LYT | ||
| 100 | _a林语堂 | ||
| 245 |
_a文人画像 _c |
||
| 260 |
_a _b上海文艺出版社 _c1989 |
||
| 300 | _b平 | ||
| 490 | _a橄榄丛书 | ||
| 650 | _a中国文学家传记 | ||
| 942 |
_cBK _o782.891 LYT |
||
| 999 |
_c7309 _d7299 |
||